[Event "GER-ch U08"]
[Site "Willingen"]
[Date "2023.05.31"]
[Round "2"]
[White "Sriram, Aumkar"]
[Black "Schmidt, Jan1111"]
[Result "1/2-1/2"]
[WhiteElo "1126"]
[BlackElo "1291"]
[PlyCount "108"]
[EventDate "2023.05.30"]
[EventType "swiss"]
[EventRounds "7"]
[EventCountry "GER"]
[SourceTitle "CBM 214 Extra"]
[Source "ChessBase"]
[SourceDate "2023.07.31"]
[SourceVersion "1"]
[SourceVersionDate "2023.07.31"]
[SourceQuality "1"]

1. d4 f5 2. c4 Nf6 3. Nc3 e6 4. e3 Bb4 5. Bd3 Bxc3+ 6. bxc3 0-0 7. Ne2 b6 8. 0-0 Bb7 9. f3 d5 10. Qc2 Ba6 11. cxd5 Bxd3 12. Qxd3 Qxd5 13. Nf4 Qc6 14. Ba3 Re8 15. Rfe1 e5 16. dxe5 Rxe5 17. Qd8+ Re8 18. Qd2 Qd7 19. Qxd7 Nbxd7 20. Rad1 Re5 21. Bb2 Rae8 22. Kf2 Nc5 23. c4 R5e7 24. Bxf6 gxf6 25. Nd5 Rf7 26. Rg1 c6 27. g4 cxd5 28. gxf5+ Kf8 29. cxd5 Rd7 30. Rg2 Rg7 31. Rxg7 Kxg7 32. f4 Rd8 33. Kf3 Kf7 34. e4 Nd7 35. Re1 Nc5 36. Rd1 Ke7 37. e5 fxe5 38. fxe5 b5 39. d6+ Kf7 40. e6+ Nxe6 41. fxe6+ Kxe6 42. Re1+ Kxd6 43. Rd1+ Ke7 44. Rxd8 Kxd8 45. Ke4 Ke7 46. Kd5 Kf6 47. Kc5 Kf5 48. Kxb5 Kg4 49. a4 Kh3 50. a5 Kxh2 51. Ka6 h5 52. Kxa7 h4 53. Kb7 Kg1 54. a6 h3 1/2-1/2